000 00522nam a2200169 i 4500
001 bg
100 1 _aBĄKOWSKI, Wojciech
245 0 _aPodejście systemowe w badaniu zarządzania ciężarowym transportem samochodowym /
_cWojciech Bąkowski.
260 _aSzczecin,
_c1980.
490 1 _aPrace Naukowe Politechniki Szczecińskiej ;
_vnr 158
830 _aPrace Naukowe Politechniki Szczecińskiej ;
040 _cBPK
041 _apol
080 _a656.1
942 _cKS
008 s pl f |000 0 pol
999 _c19804
_d19804
856 _uhttp://koha.tu.koszalin.pl/cgi-bin/koha/opac-detail.pl?biblionumber=19804
_yKatalog online BPK